000 00303nam a22001337a 4500
008 171124b xxu||||| |||| 00| 0 eng d
020 _a9781133960836
041 _aeng
080 _a331.101.262
100 _a52
101 _aBNJ
245 _aEFFECTIVE HUMAN RELATIONS
_cREECE, B.L
942 _2udc
_cBK
999 _c38466
_d38466